Handbook of psychological assessment / (Record no. 1628)

MARC details
000 -LEADER
fixed length control field 00716nam a22002297a 4500
003 - CONTROL NUMBER IDENTIFIER
control field OSt
005 - DATE AND TIME OF LATEST TRANSACTION
control field 20250812055815.0
008 - FIXED-LENGTH DATA ELEMENTS--GENERAL INFORMATION
fixed length control field 240629b |||||||| |||| 00| 0 eng d
020 ## - INTERNATIONAL STANDARD BOOK NUMBER
International Standard Book Number 97811189600684
040 ## - CATALOGING SOURCE
Original cataloging agency DWCL-Main Lib.
Transcribing agency OC
082 ## - DEWEY DECIMAL CLASSIFICATION NUMBER
Classification number Circ. 150.28 G881h 2016
006 - FIXED-LENGTH DATA ELEMENTS--ADDITIONAL MATERIAL CHARACTERISTICS
fixed length control field a
100 ## - MAIN ENTRY--PERSONAL NAME
Personal name Groth- Marnat, Gary
245 ## - TITLE STATEMENT
Title Handbook of psychological assessment /
Statement of responsibility, etc. Gary Groth- Marnat
250 ## - EDITION STATEMENT
Edition statement Sixth edition
260 ## - PUBLICATION, DISTRIBUTION, ETC.
Place of publication, distribution, etc. Hoboken, New Jersey :
Name of publisher, distributor, etc. John Wiley and Sons Inc.,
Date of publication, distribution, etc. c2016.
300 ## - PHYSICAL DESCRIPTION
Extent ix, 911 pages :
Other physical details illustrations ;
Dimensions 27cm.
504 ## - BIBLIOGRAPHY, ETC. NOTE
Bibliography, etc. note Includes index.<br/>
650 ## - SUBJECT ADDED ENTRY--TOPICAL TERM
Topical term or geographic name entry element 1. Psychological test.
650 ## - SUBJECT ADDED ENTRY--TOPICAL TERM
Topical term or geographic name entry element 2.Personality assessment.
942 ## - ADDED ENTRY ELEMENTS (KOHA)
Source of classification or shelving scheme Dewey Decimal Classification
Koha item type Book Circulation
Call number prefix Circ.
Suppress in OPAC No
Edition Sixth edition
Holdings
Withdrawn status Lost status Source of classification or shelving scheme Damaged status Not for loan Home library Current library Shelving location Date acquired Source of acquisition Cost, normal purchase price Total Checkouts Full call number Barcode Date last seen Copy number Price effective from Koha item type Uniform Resource Identifier
    Dewey Decimal Classification     College Library College Library Circulation 11/22/2023 Donation 0.00   Circ. 150.28 G881h 2016 CL54003 06/29/2024 c1 06/29/2024 Book Circulation